| 000 | 00775nam a2200205Ia 4500 | ||
|---|---|---|---|
| 003 | IN-BaIIA | ||
| 008 | 211028s9999 xx 000 0 eng d | ||
| 040 | _cIIA Library | ||
| 080 |
_a029.9 _bEGG |
||
| 100 |
_aEgghe, Leo _917517 |
||
| 245 | 0 |
_aIntroductions to informetrics _bquantitative methods in library, documentation and information science _cLeo Egghe and Ronald Rousseau |
|
| 260 |
_aAmsterdam _bElsevier _c1990 |
||
| 300 | _a265p. | ||
| 650 |
_aDocumentation - statistical methods _917518 |
||
| 650 |
_aInformation science - statistical mathematics _917519 |
||
| 650 |
_aInformation science - statistical methods _917520 |
||
| 650 |
_aLibrary statistics _917521 |
||
| 700 |
_aRousseau, Ronald _917522 |
||
| 942 | _cBK | ||
| 999 |
_c10305 _d10305 |
||